|
|
|
|
| LEADER |
00000nam a2200000 a 4500 |
| 001 |
vtls008349774 |
| 003 |
SK-MaSNL |
| 005 |
20260301044857.0 |
| 008 |
190102s1974 xo odabf 000 0 slo |
| 015 |
|
|
|a SKSNBA1974/11-02928
|
| 035 |
|
|
|a SK01SNK19740041991
|
| 035 |
|
|
|a SKM000044454
|
| 040 |
|
|
|a SNK
|b slo
|c SNK
|e AACR2
|
| 041 |
0 |
|
|a slo
|
| 044 |
|
|
|a xo
|c SK
|
| 080 |
|
|
|a 62:061.2(437.6)
|2 1981
|
| 245 |
0 |
0 |
|a Dom techniky SVTS, Žilina
|c [úvod:] Ľudovít Skach
|
| 260 |
|
|
|a Žilina
|b Dom techniky SVTS
|c 1974
|
| 300 |
|
|
|a [44] s.
|b fotogr., grafy, ilustr., mp., sch.
|c 4°
|
| 521 |
1 |
|
|a Pre vnútornú potrebu
|
| 610 |
0 |
7 |
|a Dom techniky SVTS (Žilina, Slovensko)
|2 SNKPH
|9 352045
|
| 655 |
|
7 |
|a informačné publikácie
|2 SNKPH
|9 70181
|
| 700 |
1 |
|
|a Skach, Ľudovít
|4 aui
|9 352046
|
| 958 |
|
|
|a OND
|
| 958 |
|
|
|a TL
|
| 958 |
|
|
|a RK
|
| 958 |
|
|
|a BQ
|
| 999 |
|
|
|c 596997
|d 598927
|
| 952 |
|
|
|a SNK
|b SNK
|y PREZ
|7 0
|p 17A0920093
|o snkSB 21495
|i snkKSP 7581/74
|0 0
|1 0
|4 0
|d 2014-04-30
|f 1
|l 0
|r 2025-03-24 00:00:00
|w 2026-02-23
|